• 首页
  • 本馆介绍
  • 公告通知
  • 最新文献
  • 馆藏检索
  • 电子资源
  • 读者导购
  • 参考咨询
  • 我的图书馆
  • 登录
  • 详细信息显示
  • 放入我的书架
  • 预约/预借图书
  • 作者相关作品
  • 分类相关作品
  • 丛书相关作品
  • 出版社相关作品

书目信息

  • 表格格式
  • 工作单格式
  • 卡片格式
题名:
红彤彤的校徽
    
 
作者: 万芊 著
分册:  
出版信息: 南昌   百花洲文艺出版社  2020.09
页数: 216页
开本: 22cm
丛书名:
单 册:
中图分类: I247.82
科图分类:
主题词: 小小说--小说集--中国--当代
电子资源:
ISBN: 978-7-5500-3390-0
000 01153nam0 2200229 450
001 0102100443
005 20210402100825.0
010    @a978-7-5500-3390-0@dCNY58.00
100    @a20190918d2020 em y0chiy0110 ea
101 0  @achi
102    @aCN@b360000
105    @ay z 000yy
106    @ar
200 1  @a红彤彤的校徽@Ahong tong tong de xiao hui@f万芊著
210    @a南昌@c百花洲文艺出版社@d2020.09
215    @a216页@d22cm
330    @a《红彤彤的校徽》为万芊最近几年微型小说新作合集。第一辑:陈年佳酿。作者从现代人的视角去讲述江南古镇那些有滋有味的故事,如陈年佳酿一般;第二辑:古镇今事。古镇是个似梦非梦的去处。在现实和梦境中,一个个有趣的人物在这里争相粉墨登台;第三辑:闲人笔记。作者以闲人的角度去观察、倾听一些道听途说,富有兴致勃勃地讲述给读者;第四辑:小人大事。作者以大人与小人两个不同视觉世界,去讲述身边的人与事;第五辑:周庄叙事。作者以周庄,一个充满诗意的古镇作为叙事背景,叙述江南水乡古镇的一些人与事;第六辑:斯人小传。作者以旁人的视角,讲述一些了朋友的有趣故事。
606 0  @a小小说@x小说集@y中国@z当代
690    @aI247.82@v5
701  0 @a万芊@Awan qian@4著
801  0 @aCN@bBJSZM@c20210402
905    @b1279353-7@dI247.82@e1011@f5
    
    红彤彤的校徽/万芊著.-南昌:百花洲文艺出版社,2020.09
    216页;22cm
    
    
    ISBN 978-7-5500-3390-0:CNY58.00
    《红彤彤的校徽》为万芊最近几年微型小说新作合集。第一辑:陈年佳酿。作者从现代人的视角去讲述江南古镇那些有滋有味的故事,如陈年佳酿一般;第二辑:古镇今事。古镇是个似梦非梦的去处。在现实和梦境中,一个个有趣的人物在这里争相粉墨登台;第三辑:闲人笔记。作者以闲人的角度去观察、倾听一些道听途说,富有兴致勃勃地讲述给读者;第四辑:小人大事。作者以大人与小人两个不同视觉世界,去讲述身边的人与事;第五辑:周庄叙事。作者以周庄,一个充满诗意的古镇作为叙事背景,叙述江南水乡古镇的一些人与事;第六辑:斯人小传。作者以旁人的视角,讲述一些了朋友的有趣故事。
●
相关链接 在E读中查询图书 在五车中查询图书 在当当中查询图书 在豆瓣中查询图书


正题名:红彤彤的校徽     索取号:I247.82/1011         预约/预借

序号 登录号 条形码 馆藏地/架位号 状态 备注
1 1279353   212793538   第一样本阅览室/ [索取号:I247.82/1011] 在馆    
2 1279354   212793547   教育系资料室/ [索取号:I247.82/1011] 在馆    
3 1279355   212793556   教育系资料室/ [索取号:I247.82/1011] 在馆    
4 1279356   212793565   第二借阅区/ [索取号:I247.82/1011] 在馆    
5 1279357   212793574   第二借阅区/ [索取号:I247.82/1011] 在馆    
唐山师范学院图书馆 欢迎您!
大连网信软件有限公司© 版权所有